Quizzes
Events
Quiz Creation
Community
Videos
Private Events
Remove Ads
Sign In
Join for FREE
Feedback
Dark Mode
Quiz Categories
Sports
Geography
Music
Movies
Television
Just For Fun
Miscellaneous
History
Literature
Language
Science
Gaming
Entertainment
Religion
Holiday
For Kids
Quiz Lab
Recent
Popular Today
Quiz Kudos Today
Editor Picks
Curator Picks
Quizzes by...
Day
Popularity
Type
Ratings
Length
Year
Community
Subscriptions
Recent Discussions
Orange Saloon
Badges
Playlists
Quests
Create
Leaderboards
Showdown
Live 5
Trivia Bingo
Activity
Puzzle Library
Sporcle Events
Private Events
Virtual Trivia
Globe League
Become a Host
Pub Owners
SporcleCon
Opinionation
Our Games
Videos
Blog
Mobile Apps
Partnerships
Remove Ads and Go Orange
Feedback
Miscellaneous
Crossword
General Knowledge
Baby Names
Logo
Food
Cars
Numbers
Grab Bag
University
College
Popular
Company
Slogans
Restaurants
Justice
Letter
Miscellaneous
Crossword
General Knowledge
Baby Names
Logo
Food
Cars
Numbers
Grab Bag
University
College
Popular
Company
Slogans
Restaurants
Justice
Letter
Random Quiz
Search Sporcle
×
Quiz Lab
Quiz Lab
Miscellaneous
cream
Type in answers that appear in a list
Type in answers that appear in a list
Classic
Best Score? Go Orange.
Bruegger's Cream Cheese Flavors Stats
Can you name the Bruegger's Cream Cheese Flavors?
By
nml331
8m
17 Questions
33 Plays
33 Plays
33 Plays
Comments
Comments
Give Quiz Kudos
Give Quiz Kudos
-
- Ratings
hide this ad
Random Order
Randomize order of answers
Randomize order of answers
Replay
Link that replays current quiz
Next Quiz
Link to next quiz in quiz playlist
You Got
0%
They Got
Avg Score
22%
Avg Friend Score
Upgrade to see
Score Distribution
Jump to the score distribution portion of the page
Score
0/17
Timer
08:00
0
Plays Today
Flavor
% Correct
Strawberry
81.8%
Plain
69.7%
Garden Veggie
27.3%
Honey Walnut
24.2%
Light Plain
24.2%
Onion and Chive
24.2%
Light Garden Veggie
21.2%
Jalapeno
21.2%
Smoked Salmon
18.2%
Flavor
% Correct
Hummus
18.2%
Bacon Scallion
18.2%
Light Herb Garlic
15.2%
Olive Pimiento
12.1%
Cucumber Dill
9.1%
Vermont Maple
3%
Plain Yogurt
0%
Strawberry Yogurt
0%
Quiz Playlist
Details
Report
Send in Message
Add To Playlist
Classic:
Type in answers that appear in a list
Random Order:
Randomize order of answers
Quiz Source
Last Updated: Feb 16, 2017
Quiz Scoreboard
CHALLENGE
Sign Up to Join the Scoreboard
Show All
Scores
Hide
Comments
May contain spoilers
Recently Published
TV Characters by Other Roles V
by ghcgh
Television
5m
Decade Duel: World Leaders
by jenniferyan
History
4m
Alphabetical 'K' Countries by Flag Minefield
by ylime102
Geography
3m
More to Explore
Quiz From the Vault
Featured Blog Post
15 Basketball Trivia Facts You Can Be March Mad About
hide this ad
You Might Also Like...
Tags
cheese
cream
Flavor
Today's Top Quizzes in Miscellaneous
Browse Miscellaneous
hide this ad
Today's Top Quizzes in cream
Browse cream
Top Contributed Quizzes in Miscellaneous
1
The JOE quick-fire general knowledge quiz: Day 166
2
The JOE quick-fire general knowledge quiz: Day 167
3
Spring Months consonants
4
The JOE quick-fire general knowledge quiz: Day 165
5
Pick 6: Supreme Pizza
6
Four Seasons
7
Pick 6: Vegetables
8
Pick 6: University Mascots
9
Guess the 'S' Things in 3 Words
10
The JOE quick-fire general knowledge quiz: Day 164
Explore More
Trending Topics
Marvel
Kpop
Crossword
NBA
Harry Potter
Disney
Anime
Puzzle
Country
Song
WWE
NFL
Pokémon
The Office
Soccer
hide this ad
More By:
nml331
Quiz
Plays
Rating
Category
Featured
Created
Bruegger's Cream Cheese Flavors
33
Miscellaneous
Jul 21, 2010
Gov. by the people- ch. 4
4
Miscellaneous
Jun 6, 2011
Go to Creator's Profile
Score Distribution
Quiz Creator Spotlight
nml331
Follow
Send a Message
Quizzes Created
-
Created Quiz Play Count
-
More By This Creator
Popular Quizzes Today
1
Countries of Asia Without Outlines Minefield
2
Find the US States - No Outlines Minefield
3
Pick 6: Fruits
4
The Countries of the World
5
Find the Countries of Europe - No Outlines Minefield
6
Alphabetical 'K' Countries by Flag Minefield
7
Find the US States
8
US States
More Miscellaneous Quizzes
Numerical Company Names
Curator's Pick
Trending Quizzes
Pick 6: Mountains
Pick 6: Harry Potter
Pick 6: NFL Teams
Pick 6: Flags
C Names for Actors
Recently Updated
Adaptations: Name the Title
pecheneg
NWSL Teams
pecheneg
Women's Final Four Teams by Year
bhenderson79
Presidents Quartet II
eogle
Anything But Clue(do)
eogle
Anything But Oceanian Capitals
eogle
Anything But 7
eogle
Anything But Thing
eogle
Word Ladder: February 29
pecheneg
Song Title Questions
pecheneg
Trending Topics
Crossword
Kpop
Harry Potter
Disney
Anime
Marvel
NBA
Song
WWE
Pokémon
NFL
Puzzle
Soccer
The Office
Country
Your Account Isn't Verified!
In order to create a playlist on Sporcle, you need to verify the email address you used during registration. Go to your
Sporcle Settings
to finish the process.
Report this User
Report this user for behavior that violates our
Community Guidelines
.
Details:
Send Report
Go to the Sporcle.com Mobile Site →
Comments